AFI's 100 Years ... 100 Thrills - Statistics

General Stats
  • This quiz has been taken 34 times
  • The average score is 31 of 100
Answer Stats
Rank Film Year % Correct
1 Psycho 1960
96%
27 Star Wars 1977
87%
10 Raiders of the Lost Ark 1981
83%
2 Jaws 1975
78%
14 Rear Window 1954
78%
5 The Silence of the Lambs 1991
78%
11 The Godfather 1972
74%
18 Vertigo 1958
74%
44 E.T. the Extra-Terrestrial 1982
70%
25 Titanic 1997
70%
4 North by Northwest 1959
65%
6 Alien 1979
61%
16 Chinatown 1974
57%
35 Jurassic Park 1993
57%
22 Taxi Driver 1976
57%
7 The Birds 1963
57%
3 The Exorcist 1973
57%
45 Saving Private Ryan 1998
52%
26 The Maltese Falcon 1941
52%
52 Rocky 1976
48%
9 Rosemary's Baby 1968
48%
8 The French Connection 1971
48%
43 The Wizard of Oz 1939
48%
49 Ben-Hur 1959
43%
68 Halloween 1978
43%
12 King Kong 1933
43%
23 Lawrence of Arabia 1962
43%
53 Pulp Fiction 1994
43%
51 Raging Bull 1980
43%
29 The Shining 1980
43%
21 A Clockwork Orange 1971
39%
72 Platoon 1986
39%
13 Bonnie and Clyde 1967
35%
37 Casablanca 1942
35%
30 The Deer Hunter 1978
35%
40 2001: A Space Odyssey 1968
30%
54 Butch Cassidy and the Sundance Kid 1969
30%
15 Deliverance 1972
30%
48 Dial M for Murder 1954
30%
85 Dracula 1931
30%
20 High Noon 1952
30%
62 Spartacus 1960
30%
60 The Sixth Sense 1999
30%
88 12 Angry Men 1957
26%
57 All the President's Men 1976
26%
74 Blade Runner 1982
26%
61 Cape Fear 1962
26%
46 Carrie 1976
26%
31 Close Encounters of the Third Kind 1977
26%
41 Dirty Harry 1971
26%
24 Double Indemnity 1944
26%
56 Frankenstein 1931
26%
32 Strangers on a Train 1951
26%
58 The Bridge on the River Kwai 1957
26%
67 The Treasure of the Sierra Madre 1948
26%
36 Bullitt 1968
22%
70 Dog Day Afternoon 1975
22%
95 Full Metal Jacket 1987
22%
73 Laura 1944
22%
38 Notorious 1946
22%
77 Terminator 2: Judgment Day 1991
22%
19 The Great Escape 1963
22%
17 The Manchurian Candidate 1962
22%
34 The Night of the Hunter 1955
22%
81 The Omen 1976
22%
91 Braveheart 1995
17%
39 Die Hard 1988
17%
47 Invasion of the Body Snatchers 1956
17%
59 Planet of the Apes 1968
17%
65 The Dirty Dozen 1967
17%
33 The Fugitive 1993
17%
66 The Matrix 1999
17%
90 The Poseidon Adventure 1972
17%
84 Poltergeist 1982
13%
80 Rebecca 1940
13%
99 Speed 1994
13%
79 The Magnificent Seven 1960
13%
75 The Third Man 1949
13%
63 What Ever Happened to Baby Jane? 1962
13%
28 Fatal Attraction 1987
9%
71 Goldfinger 1964
9%
93 Night of the Living Dead 1968
9%
100 The Adventures of Robin Hood 1938
9%
76 Thelma & Louise 1991
9%
42 The Terminator 1984
9%
64 Touch of Evil 1958
9%
98 Blood Simple 1984
4%
96 Blue Velvet 1986
4%
78 Gaslight 1944
4%
50 Marathon Man 1976
4%
97 Safety Last! 1923
4%
82 The Day the Earth Stood Still 1951
4%
89 The Guns of Navarone 1961
4%
69 The Wild Bunch 1969
4%
92 Body Heat 1981
0%
94 The China Syndrome 1979
0%
83 The Phantom of the Opera 1925
0%
86 The Picture of Dorian Gray 1945
0%
87 The Thing from Another World 1951
0%
55 Wait Until Dark 1967
0%
No matching quizzes found
Score Distribution
Percent of People with Each Score
Percentile by Number Answered
Your Score History
You have not taken this quiz